Young man : (Record no. 6269)
[ view plain ]
| 000 -LEADER | |
|---|---|
| fixed length control field | 00732cam a22002292 4500 |
| 001 - CONTROL NUMBER | |
| control field | 0000003185 |
| 005 - DATE AND TIME OF LATEST TRANSACTION | |
| control field | 20151217151917.0 |
| 008 - FIXED-LENGTH DATA ELEMENTS--GENERAL INFORMATION | |
| fixed length control field | 070430s xx 000 0 eng d |
| 020 ## - INTERNATIONAL STANDARD BOOK NUMBER | |
| International Standard Book Number | 1873796641 : |
| Terms of availability | KES 2,000 |
| 040 ## - CATALOGING SOURCE | |
| Original cataloging agency | KABU |
| Transcribing agency | KABU |
| 050 #0 - LIBRARY OF CONGRESS CALL NUMBER | |
| Classification number | HQ27.3 |
| Item number | .G35 |
| 100 1# - MAIN ENTRY--PERSONAL NAME | |
| Personal name | Gallagher, Jonathan. |
| -- | 0000160659 |
| 245 10 - TITLE STATEMENT | |
| Title | Young man : |
| Remainder of title | a young man's guide to teenage sexuality / |
| Statement of responsibility, etc. | Jonathan and Ana Gallagher. |
| 260 ## - PUBLICATION, DISTRIBUTION, ETC. (IMPRINT) | |
| Place of publication, distribution, etc. | New York : |
| Name of publisher, distributor, etc. | Bible Society, |
| Date of publication, distribution, etc. | 1997. |
| 300 ## - PHYSICAL DESCRIPTION | |
| Extent | 185 p. |
| 650 #0 - SUBJECT ADDED ENTRY--TOPICAL TERM | |
| Topical term or geographic name as entry element | Boys |
| General subdivision | sexual behaviour. |
| -- | 0000160660 |
| 700 1# - ADDED ENTRY--PERSONAL NAME | |
| Personal name | Gallagher, Ana. |
| -- | 0000160661 |
| 908 ## - PUT COMMAND PARAMETER (RLIN) | |
| Put command parameter | 070430 |
| 950 ## - LOCAL HOLDINGS (RLIN) | |
| -- | 1 |
| Withdrawn status | Lost status | Source of classification or shelving scheme | Not for loan | Home library | Current library | Date acquired | Total Checkouts | Full call number | Barcode | Date last seen | Date last checked out | Price effective from | Koha item type |
|---|---|---|---|---|---|---|---|---|---|---|---|---|---|
| Library of Congress Classification | Kabarak, Main Campus | Kabarak, Main Campus | 17/12/2015 | 3 | HQ27.3 .G35 | 007735 | 22/07/2021 | 06/07/2021 | 17/12/2015 | General Collection | |||
| Library of Congress Classification | Kabarak, Main Campus | Kabarak, Main Campus | 17/12/2015 | 1 | HQ27.3 .G35 | 007736 | 19/11/2018 | 15/11/2018 | 17/12/2015 | General Collection |